Statistics for Spell the Marvel Character #99

Click here to take the quiz!

General Stats

  • This quiz has been taken 8 times
  • The average score is 14 of 16

Answer Stats

Answer% Correct
Ant-Man
100%
Captain Britain
100%
Invisible Woman
100%
Iron Lad
100%
Man-Thing
100%
Namor the Sub-Mariner
100%
Silver Surfer
100%
Thing
100%
Throg
100%
Mister Fantastic
88%
Triton
88%
Franklin Richards
75%
Reptil
75%
Stature
75%
American Dream
63%
Excalibur
63%

Score Distribution

Percentile by Number Answered

Percent of People with Each Score

Your Score History

You have not taken this quiz